Sports Quiz

Random Sports or Olympics Quiz

Men swimmers' 1st Olympic gold 1992-2016 Quiz Stats

Quiz not verified by Sporcle

Challenge
Share
Tweet
Embed
Score 0/14 Timer 03:00
0 Plays Today
% Correct
Ryan Lochte
75%
Michael Phelps
65.6%
Ryan Murphy
59.4%
Alexander Popov
53.1%
Gary Hall, Jr.
50%
Ian Thorpe
43.8%
Sun Yang
37.5%
% Correct
Grant Hackett
37.5%
Oussama Mellouli
34.4%
Pieter van den Hoggenband
31.3%
Yannick Agnel
31.3%
Kosuke Kitajima
28.1%
Lenny Krayzelburg
25%
Nathan Adrian
15.6%

You're not logged in!

Compare scores with friends on all Sporcle quizzes.
Sign Up with Email
OR
Log In

You Might Also Like...

Show Comments

Extras

Top Quizzes Today


Score Distribution

Your Account Isn't Verified!

In order to create a playlist on Sporcle, you need to verify the email address you used during registration. Go to your Sporcle Settings to finish the process.